Flor nueva de romances viejos
Saved in:
| Format: | Bog |
|---|---|
| Sprog: | spansk |
| Udgivet: |
Madrid
Espasa-Calpe
1955
|
| Udgivelse: | 10a. ed |
| Serier: | Colección Austral
|
| Fag: | |
| Tags: |
Tilføj Tag
Ingen Tags, Vær først til at tagge denne postø!
|
MARC
| LEADER | 00000nam a2200000 a 4500 | ||
|---|---|---|---|
| 001 | UCQ5212 | ||
| 003 | CL-VaPUC | ||
| 005 | 20220427074634.0 | ||
| 008 | 980925e19550000SP |||||||||||||||||spa|d | ||
| 999 | |c 275427 |d 275425 | ||
| 040 | |c Pontificia Universidad Católica de Valparaíso | ||
| 082 | 0 | 4 | |a 861 |b MEN |2 21 |
| 245 | 1 | 0 | |a Flor nueva de romances viejos |
| 250 | |a 10a. ed | ||
| 260 | |a Madrid |b Espasa-Calpe |c 1955 | ||
| 300 | |a 246 p | ||
| 490 | 0 | |a Colección Austral | |
| 583 | |a last modification |c 19980925 00:00:00 |k Rodrigo Vera | ||
| 650 | 0 | |a Poesías españolas |9 265100 | |
| 650 | 0 | |a Literatura española |9 306261 | |
| 942 | |c BK |2 ddc | ||
| 945 | |d 19980925 00:00:00 |a crobeson | ||
| 952 | |0 0 |1 0 |4 0 |6 861_000000000000000_MEN_1955 |7 0 |8 A |9 312168 |a BIBEDU |b BIBEDU |d 2019-11-20 |i 1469177 |o 861 MEN 1955 |p 1469177 |r 2019-11-20 |w 2019-11-20 |y BK |k LIT | ||